000 00779nam a22002657a 4500
001 BR6007711
003 BR-BrBNA
005 20230928083304.0
007 ta
008 230509b bl.||||| |||| 00| 0 por d
040 _aBR-BrBNA
_bpor
_cBiblioteca Nacional de Agricultura
041 _a(Por)
072 _aF05
090 _ F05 BR6007711
110 1 _aJardim Botanico, Rio de Janeiro, GB (Brasil)
_96639
111 1 _a1. Reuniao Sul-Americana de Botanica
_cRio de Janeiro, GB (Brazil)
_d12 Oct 1938
245 1 _aAnais da 1. Reuniao Sul-Americana de Botanica
260 3 _aRio de Janeiro, GB (Brasil):
_c[nd].
300 _av. 1-3
500 _aPublished after 1938
650 _aBotanica
650 _aPlanta
909 _a202309
_bLucia
_c55
_dLucia Elande
942 _cBK
999 _c12610
_d12610